[Event "Moscow op-B"]
[Site "Moscow"]
[Date "2010.02.07"]
[Round "9.123"]
[White "Chernysh, Vladimir"]
[Black "Kupriyski, Borislav"]
[Result "1/2-1/2"]
[WhiteElo "2042"]
[BlackElo "1881"]
[PlyCount "88"]
[EventDate "2010.01.30"]
[EventType "swiss"]
[EventRounds "9"]
[EventCountry "RUS"]
[SourceTitle "EXT 2023"]
[Source "ChessBase"]
[SourceDate "2022.10.05"]
[SourceVersion "1"]
[SourceVersionDate "2022.10.05"]
[SourceQuality "1"]

1. Nf3 Nf6 2. d4 g6 3. g3 Bg7 4. Bg2 0-0 5. 0-0 d6 6. Nbd2 Nbd7 7. e4 e5 8. c3 c5 9. dxe5 Nxe5 10. Qc2 Bg4 11. Nxe5 dxe5 12. Nc4 Ne8 13. Be3 Qe7 14. f4 exf4 15. gxf4 Nc7 16. Qf2 Qe6 17. Nd2 c4 18. h3 Bh5 19. f5 Qa6 20. Nf3 Rfd8 21. Nd4 Rd7 22. Qg3 Re8 23. Bf3 Nd5 24. Bxh5 Nxe3 25. Qxe3 gxh5 26. Rf2 Kh8 27. Qf3 Rxd4 28. f6 Bxf6 29. Qxf6+ Qxf6 30. Rxf6 Rd2 31. Rf2 Rxf2 32. Kxf2 Rxe4 33. Rd1 Re5 34. b4 a5 35. a3 Kg7 36. Rd7 axb4 37. axb4 b5 38. Kf3 Kf6 39. h4 Ke6 40. Rd8 Rd5 41. Rb8 h6 42. Kf4 Rf5+ 43. Ke4 Re5+ 44. Kf4 Rf5+ 1/2-1/2